Perjalanan yang Tak Direstui / (Record no. 198945)

MARC details
000 -LEADER
fixed length control field 01220nam a2200325 i 4500
003 - CONTROL NUMBER IDENTIFIER
control field OSt
005 - DATE AND TIME OF LATEST TRANSACTION
control field 20250218121707.0
008 - FIXED-LENGTH DATA ELEMENTS--GENERAL INFORMATION
fixed length control field 250218s2023 my abo gr 000 0 may
020 ## - INTERNATIONAL STANDARD BOOK NUMBER
International Standard Book Number 9786299741190
Qualifying information paperback
Terms of availability RM 35.00
040 ## - CATALOGING SOURCE
Original cataloging agency PPAK
Language of cataloging eng
Transcribing agency PPAK
Description conventions rda
082 04 - DEWEY DECIMAL CLASSIFICATION NUMBER
Classification number 910.4
Edition number 23
090 00 - LOCALLY ASSIGNED LC-TYPE CALL NUMBER (OCLC); LOCAL CALL NUMBER (RLIN)
Classification number (OCLC) (R) ; Classification number, CALL (RLIN) (NR) 910.4
Feature heading MOH
Feature heading G
100 0# - MAIN ENTRY--PERSONAL NAME
Personal name Mohd. Farid Ariffin,
Relator term author,
245 10 - TITLE STATEMENT
Title Perjalanan yang Tak Direstui /
Statement of responsibility, etc. MOHD. FARID ARIFFIN ; Editor Nurul Hidayah Othman, Nurhasanah Othman, MK Riza.
264 #1 - PRODUCTION, PUBLICATION, DISTRIBUTION, MANUFACTURE, AND COPYRIGHT NOTICE
Place of production, publication, distribution, manufacture Bandar Baru Bangi, Selangor :
Name of producer, publisher, distributor, manufacturer JT PUBLISHING HOUSE SDN. BHD,
Date of production, publication, distribution, manufacture, or copyright notice 2023
300 ## - PHYSICAL DESCRIPTION
Extent 276 pages :
Other physical details illustrations, maps, photographs ;
Dimensions 20 cm.
336 ## - CONTENT TYPE
Content type term text
-- still image
Source rdacontent
Content type term carthographic material
Source rdacontent
337 ## - MEDIA TYPE
Media type term unmediated
Source rdamedia
338 ## - CARRIER TYPE
Carrier type term volume
Source rdacarrier
600 04 - SUBJECT ADDED ENTRY--PERSONAL NAME
Personal name Mohd. Farid Ariffin,
Dates associated with a name 1942-
Form subdivision Anecdotes
650 10 - SUBJECT ADDED ENTRY--TOPICAL TERM
Topical term or geographic name entry element Travelers' writings, Malaysian
Topical term or geographic name entry element Travel writing
Form subdivision Anecdotes
Topical term or geographic name entry element Voyages and travels
Form subdivision Anecdotes
651 #0 - SUBJECT ADDED ENTRY--GEOGRAPHIC NAME
Geographic name Egypt
General subdivision Description and travel
700 0# - ADDED ENTRY--PERSONAL NAME
Personal name Nurhasanah Othman,
Relator term editor.
Personal name Nurul Hidayah Othman,
Relator term editor.
Personal name M. K. Riza,
Dates associated with a name 1979-
Relator term editor.
942 ## - ADDED ENTRY ELEMENTS (KOHA)
Source of classification or shelving scheme Dewey Decimal Classification
Koha item type Book
Holdings
Withdrawn Not for loan Current library Shelving location Date acquired Total Checkouts Full call number Barcode Checked out Date last seen Date last checked out Koha item type
    Perpustakaan Alor Setar Pinjaman Dewasa 25/02/2025 2 910.4 MOH A01861424 14/07/2026 23/06/2026 23/06/2026 Book
    Perpustakaan Awam Sungai Petani Pinjaman Dewasa 25/02/2025   910.4 MOH A01861425   25/02/2025   Book
    Perpustakaan Baling Pinjaman Dewasa 25/02/2025   910.4 MOH A01861429   25/02/2025   Book
    Perpustakaan Bandar Baharu Pinjaman Dewasa 25/02/2025   910.4 MOH A01861430   25/02/2025   Book
    Perpustakaan Jitra Pinjaman Dewasa 25/02/2025   910.4 MOH A01861426   25/02/2025   Book
    Perpustakaan Kuala Nerang Pinjaman Dewasa 25/02/2025   910.4 MOH A01861434   25/02/2025   Book
    Perpustakaan Kulim Pinjaman Dewasa 25/02/2025   910.4 MOH A01861428   25/02/2025   Book
    Perpustakaan Langkawi Pinjaman Dewasa 25/02/2025 1 910.4 MOH A01861427   24/06/2026 11/06/2026 Book
    Perpustakaan Merbok Pinjaman Dewasa 25/02/2025   910.4 MOH A01861431   25/02/2025   Book
    Perpustakaan Pendang Pinjaman Dewasa 25/02/2025   910.4 MOH A01861435   25/02/2025   Book
    Perpustakaan Sik Pinjaman Dewasa 25/02/2025 1 910.4 MOH A01861433   18/05/2025 28/04/2025 Book
    Perpustakaan Yan Pinjaman Dewasa 25/02/2025   910.4 MOH A01861432   25/02/2025   Book